000
00308nam a22001337a 4500
082
_a
894.812
_b
KRI/P
100
_a
KRISHNAN NAIR,MANI
245
_a
PREMAVUM STHREEPURUSHA SANKALPPAVUM
250
_a
FIRST
260
_a
TRIVANDRUM
_b
NERUDA BOOKS
_c
1996
300
_a
51
650
_a
STORY
_z
KERALA
942
_c
BK
999
_c
1815
_d
1815